00557 2200205 4500001002100000005001500021035002000036245005200056100001900108250001400127300003800141260003400179082001000213084001600223020001900239650002500258650003700283500001100320990002000331INLIS00000000000373520230117013128 a0010-01230002621 aMengenal Pahlawan Nasional. 1 /cDina Alfiyanti0 aDina Alfiyanti aCet. 1,-- a166 hlm. :bilus. ;c25 x 17,5 cm aJakarta. :bErlangga.,c2012. a923.2 a923.2 DIN m a978602759671-9 aEditor, Alwi Kosasih aDesainer sampul, Yudi Nur Riyadi aIndeks a15573/P/Bl/2022